|
|
|
|
| LEADER |
04286nam a2200829 4500 |
| 001 |
ocn867001331 |
| 003 |
OCoLC |
| 005 |
20170124070010.2 |
| 006 |
m o d |
| 007 |
cr ||||||||||| |
| 008 |
131230s2014 nju ob 001 0 eng |
| 010 |
|
|
|a 2013051094
|
| 040 |
|
|
|a DLC
|b eng
|e rda
|c DLC
|d YDX
|d EBLCP
|d N$T
|d IDEBK
|d E7B
|d YDXCP
|d DG1
|d CUI
|d CDX
|d COO
|d NLGGC
|d DEBSZ
|d DEBBG
|d OCLCO
|d OCLCF
|d OCLCA
|d MERER
|d OCLCO
|d GrThAP
|
| 019 |
|
|
|a 876991828
|a 908035555
|a 961651100
|a 966490958
|
| 020 |
|
|
|a 9781118801499 (pdf)
|
| 020 |
|
|
|a 1118801490 (pdf)
|
| 020 |
|
|
|a 9781118801529 (epub)
|
| 020 |
|
|
|a 1118801520 (epub)
|
| 020 |
|
|
|z 9781118448526 (cloth)
|
| 020 |
|
|
|a 9781118845363
|
| 020 |
|
|
|a 1118845366
|
| 020 |
|
|
|a 9781118855034
|
| 020 |
|
|
|a 1118855035
|
| 020 |
|
|
|z 1118448529
|
| 020 |
|
|
|z 9781118801581
|
| 020 |
|
|
|z 111880158X
|
| 020 |
|
|
|z 9781306645102
|
| 020 |
|
|
|z 1306645107
|
| 029 |
1 |
|
|a AU@
|b 000052346370
|
| 029 |
1 |
|
|a NZ1
|b 15626499
|
| 029 |
1 |
|
|a CHVBK
|b 325942374
|
| 029 |
1 |
|
|a CHBIS
|b 010259591
|
| 029 |
1 |
|
|a NZ1
|b 15920459
|
| 029 |
1 |
|
|a DEBSZ
|b 431668426
|
| 029 |
1 |
|
|a DEBBG
|b BV042989589
|
| 029 |
1 |
|
|a DEBBG
|b BV043396451
|
| 035 |
|
|
|a (OCoLC)867001331
|z (OCoLC)876991828
|z (OCoLC)908035555
|z (OCoLC)961651100
|z (OCoLC)966490958
|
| 042 |
|
|
|a pcc
|
| 050 |
0 |
0 |
|a QP552.C34
|
| 060 |
1 |
0 |
|a QW 51
|
| 072 |
|
7 |
|a SCI
|x 007000
|2 bisacsh
|
| 082 |
0 |
0 |
|a 572/.69
|2 23
|
| 049 |
|
|
|a MAIN
|
| 245 |
0 |
0 |
|a Protein aggregation in bacteria :
|b functional and structural properties of inclusion bodies in bacterial cells /
|c edited by Silvia Maria Doglia, Marina Lotti.
|
| 264 |
|
1 |
|a Hoboken, New Jersey :
|b Wiley,
|c [2014]
|
| 300 |
|
|
|a 1 online resource.
|
| 336 |
|
|
|a text
|2 rdacontent
|
| 337 |
|
|
|a computer
|2 rdamedia
|
| 338 |
|
|
|a online resource
|2 rdacarrier
|
| 490 |
1 |
|
|a Wiley series in protein and peptide science
|
| 504 |
|
|
|a Includes bibliographical references and index.
|
| 505 |
0 |
|
|a Fundamentals of protein folding / Vladimir N. Uversky -- Recruiting unfolding chaperones to solubilize misfolded recombinant proteins / Rayees U.H. Mattoo and Pierre Goloubinoff -- Osmolytes as chemical chaperones to use in protein biotechnology / Ario De Marco -- Inclusion bodies in the study of amyloid aggregation / Anna Villar-Piqu and Salvador Ventura -- Protein aggregation in unicellular eukaryotes / Marina Caldara, Joris Winderickx and Vanessa Franssens -- Structural properties of inclusion bodies / Antonino Natalello, Diletta Ami, Silvia Maria Doglia -- Residue-specific structure of proteins in inclusion bodies / Christian Wasmer, Marielle Wlti, Yongli Chen, Lei Wang -- Biomedical applications of bacterial inclusion bodies / Imma Ratera, Spela Peternel, Joaquin Seras-Franzoso, Olivia Cano-Garrido, Elena Garcia-Fruitcents, Rafael Cubarso, Esther Varquez, Jose Luis Corchero, Escarlata Rodriguez-Carmona, Jaume Veciana, Antonio Villaverde -- Aggregation of recombinant proteins : understanding basic issues to overcome production bottlenecks / Marina Lotti and Loredano Pollegioni -- Fusion to a pull-down module : designing enzymes to form biocatalytically active insoluble aggregates / Bernd Nidetzky.
|
| 588 |
|
|
|a Description based on print version record and CIP data provided by publisher.
|
| 650 |
|
0 |
|a Bacterial proteins
|x Physiology.
|
| 650 |
|
0 |
|a Bacterial proteins
|x Therapeutic use.
|
| 650 |
|
0 |
|a Industrial microbiology
|x Methods.
|
| 650 |
|
7 |
|a SCIENCE
|x Life Sciences
|x Biochemistry.
|2 bisacsh
|
| 650 |
|
7 |
|a Bacterial proteins.
|2 fast
|0 (OCoLC)fst00825235
|
| 650 |
|
2 |
|a Inclusion Bodies
|x physiology.
|
| 650 |
|
2 |
|a Bacterial Proteins
|x chemistry.
|
| 650 |
|
2 |
|a Bacterial Proteins
|x physiology.
|
| 650 |
|
2 |
|a Bacterial Proteins
|x therapeutic use.
|
| 650 |
|
2 |
|a Inclusion Bodies
|x chemistry.
|
| 650 |
|
2 |
|a Industrial Microbiology
|x methods.
|
| 655 |
|
4 |
|a Electronic books.
|
| 655 |
|
0 |
|a Electronic books.
|
| 700 |
1 |
|
|a Doglia, Silvia Maria,
|e editor of compilation.
|
| 700 |
1 |
|
|a Lotti, Marina,
|e editor of compilation.
|
| 776 |
0 |
8 |
|i Print version:
|t Protein aggregation in bacteria
|d Hoboken, New Jersey : Wiley, [2014]
|z 9781118448526
|w (DLC) 2013049564
|
| 830 |
|
0 |
|a Wiley series in protein and peptide science.
|
| 856 |
4 |
0 |
|u https://doi.org/10.1002/9781118845363
|z Full Text via HEAL-Link
|
| 994 |
|
|
|a 92
|b DG1
|